| 000 | 00916nam a2200301Ia 4500 | ||
|---|---|---|---|
| 003 | OSt | ||
| 005 | 20240917150202.0 | ||
| 008 | 210210b2006 xxu||||| |||| 00| 0 eng d | ||
| 020 | _a8173028710 | ||
| 040 | _cAL | ||
| 041 | _aKannada | ||
| 082 | _aK894.9 PRAB | ||
| 100 |
_aPRADHAN GURUDATTA _dಪ್ರಧಾನ್ ಗುರುದತ್ತEd _9179206 |
||
| 245 |
_aB C Ramachandra Sharma _bಬಿ ಸಿ ರಾಮಚಂದ್ರ ಶರ್ಮ |
||
| 260 |
_aBengaluru _bNavakaranataka Prakashana _c2006 |
||
| 300 | _a110 | ||
| 650 |
_aSi _9179207 |
||
| 650 |
_aSharma _9179208 |
||
| 650 |
_aRamachandra _9179209 |
||
| 650 |
_aLingadevaru _9179210 |
||
| 650 |
_aHalemane _9179211 |
||
| 650 |
_aby _9179212 |
||
| 650 |
_aBi _9179213 |
||
| 690 |
_aKannada Criticism _9179214 |
||
| 700 |
_aLingadevaru Halemane _dಲಿಂಗದೇವರು ಹಳೆಮನೆ _9179215 |
||
| 906 | _a061844 | ||
| 942 |
_2ddc _cBK |
||
| 999 |
_c115936 _d115936 |
||